000
00279nam a22001337a 4500
008
180129b xxu||||| |||| 00| 0 eng d
020
_a
8002290936
041
_a
eng
080
_a
616.31
100
_a
5
101
_a
sto
245
_a
aesthestics
_c
bernard.t
942
_2
udc
_c
BK
999
_c
41136
_d
41136